Toronto Maple Leafs Greatest All-Time Roster - Statistics

General Stats
  • This quiz has been taken 123 times
  • The average score is 10 of 20
Answer Stats
Hint Answer % Correct
Center Auston Matthews
95%
Center Mats Sundin
92%
Right Wing Mitch Marner
84%
Defenseman Börje Salming
74%
Center Darryl Sittler
73%
Defenseman Tim Horton
71%
Center Dave Keon
69%
Goaltender Johnny Bower
69%
Goaltender Turk Broda
66%
Defenseman Tomáš Kaberle
56%
Left Wing Frank Mahovlich
53%
Right Wing George Armstrong
49%
Right Wing Charlie Conacher
40%
Defenseman Ian Turnbull
23%
Right Wing Ron Ellis
20%
Left Wing Busher Jackson
19%
Defenseman Allan Stanley
15%
Left Wing Bob Pulford
14%
Left Wing Sid Smith
9%
Defenseman Jimmy Thomson
4%
No matching quizzes found
Score Distribution
Percent of People with Each Score
Percentile by Number Answered
Your Score History
You have not taken this quiz